000 00458nam a2200169Ia 4500
005 20250528025207.0
008 240331s9999 xx 000 0 und d
020 _a18002234
082 _bUYA
_a303
100 _aUyangoda,J
245 0 _aDakune karalla saha Sri Lankawe karalikara deshapalanaye anagathaya
260 _aColombo
_bSociologists scientist Association
_c2006
300 _a79 p.,
650 _apolitics
650 _aSocial theory
942 _cL
999 _c5096
_d5096